Fans, blogueros y videojuegos : la cultura de la colaboración /
Uloženo v:
| Hlavní autor: | |
|---|---|
| Médium: | Kniha |
| Jazyk: | španělština |
| Vydáno: |
Barcelona, España :
Paidós,
2009, c2009
|
| Edice: | (Paidós Comunicación ;
180) |
| Témata: | |
| Tagy: |
Žádné tagy, Buďte první, kdo vytvoří štítek k tomuto záznamu!
|
MARC
| LEADER | 00000nam^a2200000^a^4500 | ||
|---|---|---|---|
| 001 | 000302725 | ||
| 005 | 20250521000000.0 | ||
| 009 | 20260310112628.452 | ||
| 020 | |a 978-84-493-2258-7 | ||
| 037 | |a Acervo ITESO - Biblioteca | ||
| 041 | |a ESP | ||
| 082 | |a 302. 23701 |b JEN | ||
| 100 | |a Jenkins, Henry |e (autor) | ||
| 245 | 1 | 0 | |a Fans, blogueros y videojuegos : |b la cultura de la colaboración / |c H. Jenkins ; tr. por Pablo Hermida Lazcano. |
| 264 | 4 | |a Barcelona, España : |b Paidós, |c 2009, c2009 | |
| 300 | |a 333 p. | ||
| 336 | |a texto |b txt |2 rdacontenido | ||
| 337 | |a sin mediación |b n |2 rdamedio | ||
| 338 | |a volumen |b nc |2 rdasoporte | ||
| 440 | 1 | |a (Paidós Comunicación ; |v 180) | |
| 500 | |a Traducción de: Fans, Bloggers and Gamers. Exploring Participatory Culture | ||
| 649 | |a XX | ||
| 650 | |a Videojugadores - |x Tema Principal | ||
| 650 | |a Público | ||
| 650 | |a Cibernautas - |x Tema Principal | ||
| 650 | |a Blogs (Internet) | ||
| 650 | |a Videojuegos | ||
| 650 | |a Negocios en Internet | ||
| 650 | |a Franquicias | ||
| 650 | |a Consumo | ||
| 650 | |a Interactividad - |x Tema Principal | ||
| 650 | |a Interacción Comunicativa | ||
| 650 | |a Internet - |x Aspectos Sociales y Culturales | ||
| 650 | |a Internet - |x Aspectos Económicos | ||
| 650 | |a Tecnologías de Comunicación e Información - |x Aspectos Sociales y Culturales | ||
| 650 | |a Tecnologías de Comunicación e Información - |x Aspectos Económicos | ||
| 650 | |a Medios de Comunicación - |x Aspectos Sociales y Culturales | ||
| 650 | |a Comunicación Masiva | ||
| 650 | |a Cultura Popular - |x Tema Principal | ||
| 650 | |a Sociología de la Cultura | ||
| 650 | |a Sociología de la Comunicación | ||
| 910 | |a Fondo General | ||
| 920 | |a Impresos - Libros | ||
| 930 | |a Colección General | ||
| 905 | |a 101 | ||
| 901 | |a 0500189085 |b IT1 |c ACC |i C121393 |u 20250521 | ||
| 902 | |a https://opac.biblio.iteso.mx/vufind/Record/000302725 | ||